| 000 | 00488nam a2200169 4500 | ||
|---|---|---|---|
| 001 | 107727 | ||
| 003 | ES-MaACL | ||
| 005 | 20240518063035.0 | ||
| 007 | t| | ||
| 008 | 061121s1949 sp r ||||1| spa d | ||
| 100 | 1 |
_aMostaza, Bartolomé, _d1907-1982 _983809 |
|
| 245 | 1 | 0 |
_aBúsqueda _b: poemas / _cBartolomé Mostaza. |
| 260 |
_aMadrid : _b[s.n], _c1949 ( _fImp. Raigal) |
||
| 300 |
_a166 p. ; _c21 cm. |
||
| 852 |
_aES-MaACL _jB-12775 _bR.29007 |
||
| 999 |
_c107727 _d107727 |
||